Normal view
MARC view
- Ceccoli, Nicoletta
Entry Nombre Personal
001 - NUMERO DE CONTROL
- campo de control: 48324
003 - IDENTIFICADOR DE NUMERO DE CONTROL
- campo de control: DLC
005 - FECHA Y HORA DE LA ÜLTIMA TRANSACCIÓN
- campo de control: 20230315120411.0
008 - DATOS DE LONGITUD FIJA
- campo de control de longitud fija: 010830n| azannaabn || aaa
010 ## - NÚMERO DE CONTROL DE LA BIBLIOTECA DEL CONGRESO
- Número de control LC: n 2001043489
035 ## - NUMERO DE CONTROL
- Número de control: (OCoLC)oca05576693
040 ## - FUENTE DE CATALOGACIÓN
- Agencia original de catalogación: DLC
- Lenguaje de catalogación: spa
- Description conventions: rda
- Agencia de transcripción: DLC
- Agencia que lo modifica: OCoLC
- Agencia que lo modifica: UPB
- Agencia que lo modifica: DLC
- Agencia que lo modifica: MX-MxUPN
100 1# - ENCABEZAMIENTO - NOMBRE PERSONAL
- Nombre personal: Ceccoli, Nicoletta
370 ## - LUGAR ASOCIADO
- Place of birth: San Marino, Italia
- Associated country: Urbino, Italia
373 ## - GRUPO ASOCIADO
- Associated group: Institute of Art, Urbino
374 ## - OCUPACIÓN
- Occupation: Ilustradora
- Occupation: Pintora
670 ## - FUENTE EN LA QUE SE LOCALIZARON DATOS
- Cita de la fuente: Blackstone, Stella. An island in the sun, 2002:
- Información localizada: portada (Nicoletta Ceccoli, illustrator)
670 ## - FUENTE EN LA QUE SE LOCALIZARON DATOS
- Cita de la fuente: dailyartfixx.com, WWW, Mar. 1, 2011
- Información localizada: (b. in San Marino, Italy; graduated from the Institute of Art in Urbino where she studied animation cinema; painter and children's book illustrator)
670 ## - FUENTE EN LA QUE SE LOCALIZARON DATOS
- Cita de la fuente: La ladrona de lágrimas, 2007:
- Información localizada: portada (ilustraciones de Nicoletta Ceccoli)
902 ## - CATALOGADOR
- Catalogador: Víctor Ruiz/150323
